000 00824nam a2200169 i 4500
001 162600
003 ES-MaACL
005 20230906212548.0
008 041122s1872 xxk |||| | eng d
245 0 0 _aPrisons and reformatories at home and abroard
_b: being the transactions of the International Penitentiary Congress, held in London July 3-13, 1872 : including official documents, discussions and papers presented to the Congress /
_cedited by Edwin Pears.
260 _aLondon :
_bLongmans, Green and Co.,
_c1872 (
_fPottiswoode and Co.)
300 _aXX, 796 p. ;
_c24 cm.
650 4 _aEstablecimientos penitenciarios-
_zEuropa.
_9150594
700 1 _aPears, Edwin.
_9130926
711 2 _aInternational Penitentiary Congress (
_d1872.
_cLondon)
_9135165
852 _aES-MaACL
_jD-154
_z- Enc. tela
_z. - Donativo Lastres
999 _c162600
_d162600